000
00324nam a22001337a 4500
999
_c
8027
_d
8027
003
OSt
005
20200619124243.0
008
200619b ||||| |||| 00| 0 eng d
020
_a
9787561168127
082
_a
725.38
245
_a
Parking building
260
_a
China
_b
Dalian University of Technology press
_c
2012
942
_2
ddc